[Event "Open Praha 2018 - A"]
[Site "?"]
[Date "2018.01.17"]
[Round "7"]
[White "Utiatskaja, Irina"]
[Black "Neuman, Petr"]
[Result "1/2-1/2"]
[BlackElo "2452"]
[WhiteElo "2164"]
[LiveChessVersion "1.4.8"]

1. d4 {[%clk 1:30:59]} Nf6 {[%clk 1:27:15]} 2. c4 {[%clk 1:31:22]} g6
{[%clk 1:27:41]} 3. Nc3 {[%clk 1:31:48]} d5 {[%clk 1:27:47]} 4. e3
{[%clk 1:31:28]} Bg7 {[%clk 1:27:47]} 5. Nf3 {[%clk 1:31:50]} O-O
{[%clk 1:28:08]} 6. cxd5 {[%clk 1:32:01]} Nxd5 {[%clk 1:28:32]} 7. Bc4
{[%clk 1:32:26]} Nxc3 {[%clk 1:28:22]} 8. bxc3 {[%clk 1:32:51]} c5
{[%clk 1:28:15]} 9. O-O {[%clk 1:33:03]} Qc7 {[%clk 1:27:09]} 10. Qe2
{[%clk 1:33:12]} b6 {[%clk 1:25:06]} 11. e4 {[%clk 1:11:08]} Nc6 {[%clk 1:16:31]}
12. Bb2 {[%clk 1:05:32]} Bg4 {[%clk 1:13:08]} 13. Bd5 {[%clk 0:47:15]} e6
{[%clk 1:11:29]} 14. Bxc6 {[%clk 0:46:56]} Qxc6 {[%clk 1:11:55]} 15. Qe3
{[%clk 0:45:24]} Bxf3 {[%clk 1:05:17]} 16. Qxf3 {[%clk 0:45:49]} Qb5
{[%clk 1:04:56]} 17. Rfb1 {[%clk 0:39:00]} Rfd8 {[%clk 1:02:16]} 18. e5
{[%clk 0:33:08]} Rac8 {[%clk 1:01:22]} 19. Bc1 {[%clk 0:25:42]} Qc6
{[%clk 1:00:50]} 20. Qxc6 {[%clk 0:25:56]} Rxc6 {[%clk 1:01:17]} 21. Bg5
{[%clk 0:26:05]} Rdc8 {[%clk 1:01:21]} 22. a4 {[%clk 0:25:46]} a6
{[%clk 0:55:28]} 23. Be3 {[%clk 0:16:18]} Bf8 {[%clk 0:54:26]} 24. g3
{[%clk 0:16:25]} cxd4 {[%clk 0:54:31]} 25. Bxd4 {[%clk 0:15:45]} Bc5
{[%clk 0:54:57]} 26. Bxc5 {[%clk 0:15:54]} Rxc5 {[%clk 0:55:24]} 27. Rxb6
{[%clk 0:16:17]} Ra5 {[%clk 0:55:51]} 28. Kg2 {[%clk 0:08:28]} Kg7
{[%clk 0:55:12]} 29. Rd1 {[%clk 0:08:03]} Rxc3 {[%clk 0:54:35]} 30. Rd7
{[%clk 0:08:19]} Rxe5 {[%clk 0:54:52]} 31. Rxa6 {[%clk 0:08:09]} Rc2
{[%clk 0:55:04]} 32. Rd1 {[%clk 0:06:05]} Ra2 {[%clk 0:53:51]} 33. Ra8
{[%clk 0:05:38]} g5 {[%clk 0:54:12]} 34. h3 {[%clk 0:04:55]} Ree2
{[%clk 0:54:02]} 35. Rf1 {[%clk 0:05:18]} Re4 {[%clk 0:54:27]} 36. a5
{[%clk 0:05:23]} Rea4 {[%clk 0:54:53]} 37. Rb1 {[%clk 0:05:40]} Rxa5
{[%clk 0:55:03]} 38. Rxa5 {[%clk 0:06:06]} Rxa5 {[%clk 0:55:30]} 39. Rb7
{[%clk 0:06:10]} h5 {[%clk 0:54:27]} 40. g4 {[%clk 0:02:59]} h4 {[%clk 0:53:43]}
41. Rc7 {[%clk 0:02:06]} Kg6 {[%clk 0:54:02]} 42. Rb7 {[%clk 0:02:14]} f5
{[%clk 0:53:18]} 43. gxf5+ {[%clk 0:02:07]} exf5 {[%clk 0:52:31]} 44. Rb6+
{[%clk 0:02:22]} Kf7 {[%clk 0:52:18]} 45. Rb7+ {[%clk 0:02:26]} Kf6
{[%clk 0:52:42]} 46. Rb6+ {[%clk 0:22:45]} Ke5 {[%clk 1:19:30]} 47. Rg6
{[%clk 0:22:57]} Kf4 {[%clk 1:19:53]} 48. Rh6 {[%clk 0:23:23]} Re5
{[%clk 1:19:52]} 49. Rh8 {[%clk 0:23:34]} Re7 {[%clk 1:19:18]} 50. Rh6
{[%clk 0:23:27]} Re8 {[%clk 1:19:07]} 51. Rh7 {[%clk 0:23:53]} Rg8
{[%clk 1:17:27]} 52. Rh5 {[%clk 0:22:19]} Ke4 {[%clk 1:17:41]} 53. Rh7
{[%clk 0:22:36]} Ke5 {[%clk 1:17:47]} 54. Rh6 {[%clk 0:22:49]} Rg7
{[%clk 1:18:08]} 55. Kh2 {[%clk 0:21:30]} Ra7 {[%clk 1:16:40]} 56. Kg2
{[%clk 0:21:41]} Ra4 {[%clk 1:15:15]} 57. Rh5 {[%clk 0:17:12]} Kf6
{[%clk 1:15:38]} 58. Rh8 {[%clk 0:17:25]} Kg7 {[%clk 1:16:00]} 59. Rb8
{[%clk 0:17:39]} Ra6 {[%clk 1:16:12]} 60. Rc8 {[%clk 0:17:29]} Kg6
{[%clk 1:16:36]} 61. Rg8+ {[%clk 0:17:22]} Kh6 {[%clk 1:16:28]} 62. Rf8
{[%clk 0:15:07]} Ra5 {[%clk 1:16:52]} 63. Rg8 {[%clk 0:15:07]} Ra4
{[%clk 1:17:03]} 64. Rf8 {[%clk 0:15:00]} Rf4 {[%clk 1:17:28]} 65. Rf6+
{[%clk 0:12:39]} Kg7 {[%clk 1:17:44]} 66. Ra6 {[%clk 0:13:01]} g4
{[%clk 1:18:03]} 67. Rb6 {[%clk 0:13:01]} Re4 {[%clk 1:15:28]} 68. Ra6
{[%clk 0:13:09]} Kh7 {[%clk 1:13:34]} 69. Rf6 {[%clk 0:11:03]} Rf4
{[%clk 1:13:50]} 70. Ra6 {[%clk 0:11:24]} Rc4 {[%clk 1:12:26]} 71. Rf6
{[%clk 0:11:40]} Rc5 {[%clk 1:12:48]} 72. Ra6 {[%clk 0:11:57]} Kg7
{[%clk 1:12:44]} 73. Rb6 {[%clk 0:12:12]} Rc2 {[%clk 1:12:48]} 74. hxg4
{[%clk 0:11:56]} fxg4 {[%clk 1:13:13]} 75. Rb4 {[%clk 0:12:24]} g3
{[%clk 1:12:44]} 76. Rxh4 {[%clk 0:12:42]} Rxf2+ {[%clk 1:13:11]} 77. Kxg3
{[%clk 0:13:08]} Rf6 1/2-1/2

[Event "Open Praha 2018 - A"]
[Site "?"]
[Date "2018.01.17"]
[Round "7"]
[White "Chernyshov, Konstantin"]
[Black "Ustinov, Alexey"]
[Result "1-0"]
[BlackElo "2240"]
[WhiteElo "2480"]
[LiveChessVersion "1.4.8"]

1. d4 {[%clk 1:30:54]} e6 {[%clk 1:30:10]} 2. c4 {[%clk 1:30:52]} Nf6
{[%clk 1:30:35]} 3. Nf3 {[%clk 1:30:55]} b6 {[%clk 1:30:30]} 4. g3
{[%clk 1:31:19]} Ba6 {[%clk 1:29:23]} 5. Qc2 {[%clk 1:31:12]} c5 {[%clk 1:28:17]}
6. Bg2 {[%clk 1:30:00]} Bb7 {[%clk 1:26:59]} 7. dxc5 {[%clk 1:27:28]} Bxc5
{[%clk 1:26:51]} 8. Nc3 {[%clk 1:27:01]} O-O {[%clk 1:26:57]} 9. O-O
{[%clk 1:25:56]} Nc6 {[%clk 1:22:58]} 10. b3 {[%clk 1:23:33]} Qc8
{[%clk 1:21:06]} 11. Bb2 {[%clk 1:03:33]} Nd4 {[%clk 1:05:47]} 12. Nxd4
{[%clk 1:02:51]} Bxd4 {[%clk 1:05:25]} 13. Nd5 {[%clk 1:01:29]} Bxd5
{[%clk 1:03:15]} 14. Bxd4 {[%clk 1:01:31]} Bxg2 {[%clk 1:03:35]} 15. Kxg2
{[%clk 1:01:57]} Qc6+ {[%clk 1:03:34]} 16. f3 {[%clk 1:01:13]} Rfd8
{[%clk 1:02:26]} 17. Bxf6 {[%clk 0:55:27]} gxf6 {[%clk 1:02:47]} 18. Qb2
{[%clk 0:55:18]} f5 {[%clk 0:58:36]} 19. Rfd1 {[%clk 0:50:45]} d5
{[%clk 0:54:51]} 20. Rac1 {[%clk 0:46:38]} dxc4 {[%clk 0:52:27]} 21. Rxc4
{[%clk 0:46:59]} Qe8 {[%clk 0:52:27]} 22. Rxd8 {[%clk 0:40:25]} Qxd8
{[%clk 0:50:16]} 23. Qc3 {[%clk 0:29:35]} b5 {[%clk 0:27:31]} 24. Rd4
{[%clk 0:28:01]} Qe8 {[%clk 0:23:47]} 25. Qe3 {[%clk 0:24:03]} Qe7
{[%clk 0:14:31]} 26. Rd5 {[%clk 0:24:09]} Qb7 {[%clk 0:13:24]} 27. Qg5+
{[%clk 0:24:19]} Kh8 {[%clk 0:11:57]} 28. Rd4 {[%clk 0:24:14]} Qc7
{[%clk 0:10:36]} 29. Qf6+ {[%clk 0:19:34]} Kg8 {[%clk 0:11:01]} 30. e4
{[%clk 0:14:30]} Qc2+ {[%clk 0:06:39]} 31. Kh3 {[%clk 0:14:53]} Qf2
{[%clk 0:06:47]} 32. exf5 {[%clk 0:14:14]} Qxf3 {[%clk 0:06:40]} 33. Qg5+
{[%clk 0:13:41]} Kh8 {[%clk 0:06:35]} 34. Rg4 {[%clk 0:13:27]} 1-0

[Event "Open Praha 2018 - A"]
[Site "?"]
[Date "2018.01.17"]
[Round "7"]
[White "Soural, Jan"]
[Black "Solozhenkin, Evgeniy"]
[Result "0-1"]
[BlackElo "2451"]
[WhiteElo "2227"]
[LiveChessVersion "1.4.8"]

1. d4 {[%clk 1:25:18]} Nf6 {[%clk 1:30:54]} 2. c4 {[%clk 1:25:41]} e6
{[%clk 1:30:43]} 3. Nc3 {[%clk 1:26:03]} Bb4 {[%clk 1:31:08]} 4. Bg5
{[%clk 1:26:24]} c5 {[%clk 1:31:12]} 5. d5 {[%clk 1:26:46]} exd5 {[%clk 1:31:17]}
6. cxd5 {[%clk 1:27:07]} d6 {[%clk 1:31:43]} 7. e3 {[%clk 1:27:10]} Nbd7
{[%clk 1:32:00]} 8. Bd3 {[%clk 1:26:54]} Qa5 {[%clk 1:31:44]} 9. Nge2
{[%clk 1:26:54]} Nxd5 {[%clk 1:27:59]} 10. O-O {[%clk 1:26:57]} Bxc3
{[%clk 1:27:22]} 11. bxc3 {[%clk 1:26:53]} c4 {[%clk 1:27:24]} 12. Bc2
{[%clk 1:20:09]} O-O {[%clk 1:27:28]} 13. Rb1 {[%clk 0:47:07]} Re8
{[%clk 0:58:21]} 14. a4 {[%clk 0:34:34]} Nxc3 {[%clk 0:58:06]} 15. Nxc3
{[%clk 0:34:49]} Qxc3 {[%clk 0:58:29]} 16. Bf4 {[%clk 0:30:42]} Ne5
{[%clk 0:53:45]} 17. Qxd6 {[%clk 0:28:09]} Qxc2 {[%clk 0:38:40]} 18. Bxe5
{[%clk 0:28:01]} Qxa4 {[%clk 0:38:44]} 19. Ba1 {[%clk 0:14:37]} Qc6
{[%clk 0:32:09]} 20. Qg3 {[%clk 0:10:21]} f6 {[%clk 0:27:28]} 21. Rbd1
{[%clk 0:08:13]} Qe6 {[%clk 0:27:38]} 22. Rd4 {[%clk 0:03:54]} Qf7
{[%clk 0:23:59]} 23. Rf4 {[%clk 0:02:30]} Kh8 {[%clk 0:24:14]} 24. Rb1
{[%clk 0:00:35]} Be6 {[%clk 0:21:43]} 25. Rb5 {[%clk 0:00:44]} Rad8
{[%clk 0:16:36]} 26. Bd4 {[%clk 0:00:57]} b6 {[%clk 0:16:58]} 27. h3
{[%clk 0:00:53]} Bd7 {[%clk 0:08:37]} 28. Rg5 {[%clk 0:00:39]} Re6
{[%clk 0:08:16]} 29. Rgg4 {[%clk 0:00:33]} Rc6 {[%clk 0:06:46]} 30. Rh4
{[%clk 0:00:47]} c3 {[%clk 0:06:43]} 31. Qf3 {[%clk 0:00:33]} c2 {[%clk 0:06:43]}
32. Rxh7+ {[%clk 0:00:31]} Kxh7 {[%clk 0:07:08]} 0-1

[Event "Open Praha 2018 - A"]
[Site "?"]
[Date "2018.01.17"]
[Round "7"]
[White "Smith, Bryan"]
[Black "Sivakumar, Ashvin"]
[Result "1/2-1/2"]
[BlackElo "2208"]
[WhiteElo "2439"]
[LiveChessVersion "1.4.8"]

1. e4 {[%clk 1:30:50]} e5 {[%clk 1:30:44]} 2. Nf3 {[%clk 1:31:05]} Nc6
{[%clk 1:31:08]} 3. Nc3 {[%clk 1:31:06]} Nf6 {[%clk 1:29:03]} 4. Bb5
{[%clk 1:31:27]} Nd4 {[%clk 1:27:27]} 5. Bc4 {[%clk 1:30:19]} d6 {[%clk 1:22:40]}
6. Nxd4 {[%clk 1:29:41]} exd4 {[%clk 1:23:00]} 7. Nd5 {[%clk 1:29:13]} Be6
{[%clk 1:19:28]} 8. O-O {[%clk 1:17:42]} c6 {[%clk 1:18:44]} 9. Qe2
{[%clk 1:05:26]} Be7 {[%clk 1:13:16]} 10. Nxe7 {[%clk 1:01:07]} Qxe7
{[%clk 1:12:18]} 11. Bxe6 {[%clk 0:59:38]} fxe6 {[%clk 1:06:46]} 12. e5
{[%clk 0:55:12]} dxe5 {[%clk 1:06:05]} 13. Qxe5 {[%clk 0:55:20]} Rd8
{[%clk 1:06:26]} 14. d3 {[%clk 0:52:57]} O-O {[%clk 1:04:26]} 15. Re1
{[%clk 0:39:15]} Rfe8 {[%clk 1:02:25]} 16. Bg5 {[%clk 0:34:07]} Rd5
{[%clk 0:54:53]} 17. Qg3 {[%clk 0:33:58]} Nh5 {[%clk 0:47:59]} 18. Bxe7
{[%clk 0:34:13]} Nxg3 {[%clk 0:48:24]} 19. Ba3 {[%clk 0:30:27]} Nh5
{[%clk 0:45:56]} 20. Re2 {[%clk 0:29:03]} e5 {[%clk 0:42:45]} 21. Rae1
{[%clk 0:28:18]} g5 {[%clk 0:29:00]} 22. h4 {[%clk 0:16:20]} g4 {[%clk 0:27:12]}
23. g3 {[%clk 0:16:24]} Nf6 {[%clk 0:27:03]} 24. Bb4 {[%clk 0:14:18]} Kf7
{[%clk 0:20:50]} 25. c4 {[%clk 0:13:52]} dxc3 {[%clk 0:20:57]} 26. Bxc3
{[%clk 0:14:14]} Rxd3 {[%clk 0:20:59]} 27. Rxe5 {[%clk 0:10:52]} Rxe5
{[%clk 0:21:03]} 28. Rxe5 {[%clk 0:10:18]} Nd5 {[%clk 0:17:59]} 29. Rf5+
{[%clk 0:08:05]} Ke6 {[%clk 0:15:23]} 30. Rh5 {[%clk 0:08:17]} Nxc3
{[%clk 0:08:43]} 31. bxc3 {[%clk 0:08:42]} Rd7 {[%clk 0:08:03]} 32. Rg5
{[%clk 0:08:12]} b5 {[%clk 0:08:20]} 33. Rxg4 {[%clk 0:08:16]} a5
{[%clk 0:08:43]} 34. h5 {[%clk 0:04:49]} Rd5 {[%clk 0:08:41]} 35. Re4+
{[%clk 0:04:57]} Kf6 {[%clk 0:08:37]} 36. g4 {[%clk 0:05:09]} Rd3
{[%clk 0:07:36]} 37. c4 {[%clk 0:02:47]} b4 {[%clk 0:07:56]} 38. g5+
{[%clk 0:02:34]} Kxg5 {[%clk 0:04:34]} 39. Re5+ {[%clk 0:02:59]} Kh6
{[%clk 0:04:59]} 40. Rxa5 {[%clk 0:02:59]} Ra3 {[%clk 0:05:24]} 41. Rc5
{[%clk 0:02:59]} Rxa2 {[%clk 0:05:28]} 42. Rxc6+ {[%clk 0:03:16]} Kxh5
{[%clk 0:05:54]} 43. Rb6 {[%clk 0:03:31]} Rb2 {[%clk 0:05:58]} 44. c5
{[%clk 0:03:32]} 1/2-1/2

[Event "Open Praha 2018 - A"]
[Site "?"]
[Date "2018.01.17"]
[Round "7"]
[White "Solozhenkina, Elizaveta"]
[Black "Moehn, Hans"]
[Result "1/2-1/2"]
[BlackElo "2378"]
[WhiteElo "2190"]
[LiveChessVersion "1.4.8"]

1. d4 {[%clk 1:30:57]} Nf6 {[%clk 1:29:10]} 2. Nf3 {[%clk 1:31:24]} g6
{[%clk 1:27:38]} 3. g3 {[%clk 1:31:50]} b6 {[%clk 1:27:28]} 4. Bg2
{[%clk 1:30:47]} Bb7 {[%clk 1:27:54]} 5. O-O {[%clk 1:30:38]} c5 {[%clk 1:27:27]}
6. c4 {[%clk 1:16:47]} cxd4 {[%clk 1:27:47]} 7. Nxd4 {[%clk 1:17:07]} Bxg2
{[%clk 1:27:49]} 8. Kxg2 {[%clk 1:17:34]} Bg7 {[%clk 1:26:25]} 9. Nc3
{[%clk 1:16:17]} Qc8 {[%clk 1:25:52]} 10. b3 {[%clk 1:03:44]} Qb7+
{[%clk 1:25:52]} 11. Kg1 {[%clk 0:58:39]} h5 {[%clk 1:19:36]} 12. h4
{[%clk 0:53:39]} d5 {[%clk 1:14:16]} 13. cxd5 {[%clk 0:48:47]} Nxd5
{[%clk 1:14:14]} 14. Nxd5 {[%clk 0:48:09]} Qxd5 {[%clk 1:14:37]} 15. Be3
{[%clk 0:47:59]} O-O {[%clk 1:11:21]} 16. Rc1 {[%clk 0:46:03]} Qb7
{[%clk 1:06:06]} 17. Qc2 {[%clk 0:40:58]} Na6 {[%clk 0:50:25]} 18. Qc6
{[%clk 0:36:28]} Rab8 {[%clk 0:49:28]} 19. a3 {[%clk 0:31:59]} Nc5
{[%clk 0:39:56]} 20. b4 {[%clk 0:29:28]} Bxd4 {[%clk 0:38:57]} 21. Qxb7
{[%clk 0:29:52]} Rxb7 {[%clk 0:38:32]} 22. Bxd4 {[%clk 0:29:23]} Nb3
{[%clk 0:38:15]} 23. Rcd1 {[%clk 0:29:46]} Nxd4 {[%clk 0:29:34]} 24. Rxd4
{[%clk 0:30:15]} Rc8 {[%clk 0:29:53]} 25. Rfd1 {[%clk 0:25:00]} Kg7
{[%clk 0:29:53]} 26. R1d3 {[%clk 0:23:54]} b5 {[%clk 0:27:25]} 27. Kg2
{[%clk 0:20:59]} a6 {[%clk 0:26:33]} 28. e4 {[%clk 0:14:29]} Kf6 {[%clk 0:24:49]}
29. Kf3 {[%clk 0:07:18]} Rc2 {[%clk 0:22:30]} 30. Rd8 {[%clk 0:05:11]} Rbc7
{[%clk 0:21:51]} 31. Ra8 {[%clk 0:05:11]} R7c6 {[%clk 0:22:05]} 32. Ra7
{[%clk 0:04:44]} R2c3 {[%clk 0:16:27]} 33. Ke2 {[%clk 0:04:18]} Rc2+
{[%clk 0:14:20]} 34. Kf1 {[%clk 0:02:28]} Re6 {[%clk 0:08:22]} 35. Re3
{[%clk 0:01:15]} Rcc6 {[%clk 0:01:59]} 36. Kg2 {[%clk 0:01:01]} Kg7
{[%clk 0:00:55]} 37. e5 {[%clk 0:00:51]} Rc2 {[%clk 0:00:35]} 38. Kg1
{[%clk 0:00:47]} Kf8 {[%clk 0:00:36]} 39. Ra8+ {[%clk 0:01:00]} Kg7
{[%clk 0:00:59]} 40. Ra7 {[%clk 0:01:14]} Kf8 {[%clk 0:00:46]} 41. Ra8+
{[%clk 0:00:44]} Kg7 {[%clk 0:30:18]} 42. Ra7 {[%clk 0:28:34]} 1/2-1/2

[Event "Open Praha 2018 - A"]
[Site "?"]
[Date "2018.01.17"]
[Round "7"]
[White "Makoveev, Ilia"]
[Black "Marjanovic, Annamaria"]
[Result "1-0"]
[BlackElo "2348"]
[WhiteElo "2196"]
[LiveChessVersion "1.4.8"]

1. e4 {[%clk 1:30:53]} c6 {[%clk 1:30:51]} 2. d4 {[%clk 1:30:56]} d5
{[%clk 1:31:16]} 3. Nc3 {[%clk 1:30:55]} dxe4 {[%clk 1:31:38]} 4. Nxe4
{[%clk 1:31:14]} Bf5 {[%clk 1:32:00]} 5. Ng3 {[%clk 1:31:18]} Bg6
{[%clk 1:32:23]} 6. h4 {[%clk 1:31:19]} h6 {[%clk 1:32:46]} 7. Nf3
{[%clk 1:31:23]} Nd7 {[%clk 1:33:07]} 8. h5 {[%clk 1:31:26]} Bh7 {[%clk 1:33:31]}
9. Bd3 {[%clk 1:31:31]} Bxd3 {[%clk 1:33:44]} 10. Qxd3 {[%clk 1:31:55]} e6
{[%clk 1:34:00]} 11. Bd2 {[%clk 1:31:58]} Ngf6 {[%clk 1:34:05]} 12. O-O-O
{[%clk 1:31:54]} Bd6 {[%clk 1:33:17]} 13. Kb1 {[%clk 1:28:59]} Bc7
{[%clk 1:28:43]} 14. Rde1 {[%clk 0:44:47]} O-O {[%clk 1:26:03]} 15. Ne4
{[%clk 0:44:40]} Nxe4 {[%clk 1:15:48]} 16. Qxe4 {[%clk 0:40:12]} Nf6
{[%clk 1:09:10]} 17. Qh4 {[%clk 0:38:22]} Nd5 {[%clk 1:07:49]} 18. c4
{[%clk 0:28:09]} Qxh4 {[%clk 1:01:15]} 19. Rxh4 {[%clk 0:28:22]} Nf6
{[%clk 0:56:29]} 20. Bc3 {[%clk 0:15:53]} Bd8 {[%clk 0:52:32]} 21. Rh3
{[%clk 0:05:48]} Be7 {[%clk 0:45:37]} 22. Ne5 {[%clk 0:05:20]} Rfd8
{[%clk 0:38:50]} 23. Kc2 {[%clk 0:02:20]} Rac8 {[%clk 0:36:35]} 24. b3
{[%clk 0:01:39]} c5 {[%clk 0:33:13]} 25. dxc5 {[%clk 0:01:05]} Bxc5
{[%clk 0:33:37]} 26. Nd3 {[%clk 0:00:34]} Bd4 {[%clk 0:33:32]} 27. a4
{[%clk 0:00:34]} a6 {[%clk 0:26:59]} 28. a5 {[%clk 0:00:32]} Bxc3
{[%clk 0:27:02]} 29. Kxc3 {[%clk 0:01:01]} Rd5 {[%clk 0:27:17]} 30. Re5
{[%clk 0:00:43]} Rxe5 {[%clk 0:24:28]} 31. Nxe5 {[%clk 0:01:12]} Rc5
{[%clk 0:22:07]} 32. f4 {[%clk 0:01:14]} Rxa5 {[%clk 0:22:31]} 33. g4
{[%clk 0:01:06]} Ra2 {[%clk 0:09:21]} 34. Rd3 {[%clk 0:00:43]} Kf8
{[%clk 0:04:41]} 35. Rd8+ {[%clk 0:00:35]} Ke7 {[%clk 0:05:07]} 36. Rb8
{[%clk 0:00:58]} Ne4+ {[%clk 0:04:25]} 37. Kd4 {[%clk 0:00:54]} Nd6
{[%clk 0:03:03]} 38. c5 {[%clk 0:01:09]} Nb5+ {[%clk 0:03:27]} 39. Kd3
{[%clk 0:01:15]} Rb2 {[%clk 0:00:43]} 40. Rxb7+ {[%clk 0:01:15]} Ke8
{[%clk 0:00:53]} 41. Rxf7 {[%clk 0:17:47]} Rxb3+ {[%clk 0:24:24]} 42. Kc4
{[%clk 0:11:28]} Re3 {[%clk 0:20:30]} 43. Rxg7 {[%clk 0:11:24]} Re4+
{[%clk 0:20:42]} 44. Kd3 {[%clk 0:11:45]} Rxf4 {[%clk 0:18:58]} 45. Rg8+
{[%clk 0:09:55]} Rf8 {[%clk 0:19:19]} 46. Rg6 {[%clk 0:10:21]} Ke7
{[%clk 0:17:00]} 47. Rxh6 {[%clk 0:10:10]} Rg8 {[%clk 0:16:54]} 48. Ke3
{[%clk 0:07:04]} Nc3 {[%clk 0:14:34]} 49. Ng6+ {[%clk 0:04:41]} Kf6
{[%clk 0:11:27]} 50. Nf4+ {[%clk 0:04:41]} Kf7 {[%clk 0:11:52]} 51. Rg6
{[%clk 0:02:34]} Rc8 {[%clk 0:04:09]} 52. Nxe6 {[%clk 0:02:18]} Nd5+
{[%clk 0:03:43]} 53. Kd4 {[%clk 0:02:19]} Nf6 {[%clk 0:03:37]} 54. Ke5
{[%clk 0:02:01]} Ne8 {[%clk 0:02:57]} 55. Ng5+ {[%clk 0:01:34]} Ke7
{[%clk 0:03:07]} 56. Ne4 {[%clk 0:01:04]} Ra8 {[%clk 0:03:01]} 57. h6
{[%clk 0:01:06]} Kf7 {[%clk 0:03:05]} 58. Kf5 {[%clk 0:01:12]} 1-0

[Event "Open Praha 2018 - A"]
[Site "?"]
[Date "2018.01.17"]
[Round "7"]
[White "Lee, Jun Wei"]
[Black "Jablonicky, Martin"]
[Result "1/2-1/2"]
[BlackElo "2330"]
[WhiteElo "2064"]
[LiveChessVersion "1.4.8"]

1. d4 {[%clk 1:30:57]} g6 {[%clk 1:30:48]} 2. c4 {[%clk 1:30:56]} Nf6
{[%clk 1:31:11]} 3. Nc3 {[%clk 1:31:01]} Bg7 {[%clk 1:31:36]} 4. e4
{[%clk 1:31:05]} d6 {[%clk 1:32:01]} 5. h3 {[%clk 1:31:09]} O-O {[%clk 1:32:21]}
6. Bg5 {[%clk 1:30:42]} Na6 {[%clk 1:32:40]} 7. Bd3 {[%clk 1:27:33]} c5
{[%clk 1:29:00]} 8. d5 {[%clk 1:26:58]} e6 {[%clk 1:29:24]} 9. Nf3
{[%clk 1:24:56]} exd5 {[%clk 1:29:17]} 10. cxd5 {[%clk 1:24:16]} Re8
{[%clk 1:26:49]} 11. O-O {[%clk 1:21:28]} Rb8 {[%clk 1:27:07]} 12. Re1
{[%clk 1:18:32]} Nc7 {[%clk 1:26:14]} 13. a3 {[%clk 1:04:06]} b5 {[%clk 1:25:23]}
14. b4 {[%clk 1:00:52]} h6 {[%clk 1:25:14]} 15. Bd2 {[%clk 0:43:39]} Nd7
{[%clk 1:22:55]} 16. Rc1 {[%clk 0:40:26]} c4 {[%clk 1:18:10]} 17. Bb1
{[%clk 0:38:47]} Ra8 {[%clk 1:18:02]} 18. Be3 {[%clk 0:37:29]} a5
{[%clk 1:05:42]} 19. Nd4 {[%clk 0:33:31]} axb4 {[%clk 1:06:08]} 20. axb4
{[%clk 0:33:33]} Ba6 {[%clk 1:05:31]} 21. Qd2 {[%clk 0:30:59]} Qh4
{[%clk 1:00:55]} 22. Nce2 {[%clk 0:25:38]} Kh7 {[%clk 0:55:58]} 23. Bf4
{[%clk 0:22:35]} Qf6 {[%clk 0:53:42]} 24. Bg3 {[%clk 0:21:09]} Bb7
{[%clk 0:52:36]} 25. f4 {[%clk 0:18:48]} Ra3 {[%clk 0:47:05]} 26. Bf2
{[%clk 0:18:33]} Raa8 {[%clk 0:33:30]} 27. Nc3 {[%clk 0:16:47]} Ba6
{[%clk 0:33:38]} 28. Nc6 {[%clk 0:16:24]} Bb7 {[%clk 0:31:35]} 29. Nd4
{[%clk 0:16:05]} Ba6 {[%clk 0:30:58]} 30. Nc6 {[%clk 0:15:32]} Bb7
{[%clk 0:30:48]} 31. Bd4 {[%clk 0:15:10]} Qh4 {[%clk 0:30:46]} 32. Bxg7
{[%clk 0:12:32]} Kxg7 {[%clk 0:31:14]} 33. Nd4 {[%clk 0:12:52]} Ba6
{[%clk 0:30:36]} 34. Rcd1 {[%clk 0:11:44]} Qf6 {[%clk 0:29:15]} 35. Nf3
{[%clk 0:08:15]} Bb7 {[%clk 0:27:50]} 36. Nd4 {[%clk 0:08:38]} Ba6
{[%clk 0:27:13]} 37. Nf3 {[%clk 0:06:31]} Bb7 {[%clk 0:27:17]} 38. Nd4
{[%clk 0:06:44]} Ba6 {[%clk 0:27:38]} 39. Nf3 {[%clk 0:06:28]} Bb7
{[%clk 0:24:42]} 40. Nd4 {[%clk 0:04:49]} 1/2-1/2

[Event "Open Praha 2018 - A"]
[Site "?"]
[Date "2018.01.17"]
[Round "7"]
[White "Sergienko, Sergey"]
[Black "Krivanek, Vladimir"]
[Result "0-1"]
[BlackElo "2076"]
[WhiteElo "2329"]
[LiveChessVersion "1.4.8"]

1. Nf3 {[%clk 1:30:54]} b6 {[%clk 1:14:49]} 2. e4 {[%clk 1:28:40]} Bb7
{[%clk 1:15:03]} 3. d3 {[%clk 1:28:37]} c5 {[%clk 1:11:52]} 4. g3
{[%clk 1:28:23]} Nc6 {[%clk 1:12:05]} 5. Bg2 {[%clk 1:28:40]} g6 {[%clk 1:11:53]}
6. O-O {[%clk 1:28:42]} Bg7 {[%clk 1:12:20]} 7. c3 {[%clk 1:28:13]} d5
{[%clk 1:07:25]} 8. Nbd2 {[%clk 1:22:25]} e6 {[%clk 1:04:56]} 9. Re1
{[%clk 1:20:44]} Nge7 {[%clk 1:03:44]} 10. Qe2 {[%clk 1:19:07]} h6
{[%clk 0:57:56]} 11. h4 {[%clk 1:17:47]} Qd7 {[%clk 0:55:24]} 12. Nf1
{[%clk 1:12:41]} d4 {[%clk 0:50:59]} 13. c4 {[%clk 1:10:15]} e5 {[%clk 0:48:33]}
14. h5 {[%clk 1:03:49]} O-O-O {[%clk 0:47:07]} 15. N3h2 {[%clk 0:57:53]} Kb8
{[%clk 0:45:27]} 16. a3 {[%clk 0:56:36]} Bc8 {[%clk 0:40:00]} 17. Bd2
{[%clk 0:54:37]} Ng8 {[%clk 0:38:56]} 18. b4 {[%clk 0:47:41]} gxh5
{[%clk 0:36:48]} 19. bxc5 {[%clk 0:46:08]} bxc5 {[%clk 0:37:04]} 20. Nf3
{[%clk 0:44:57]} Bf6 {[%clk 0:35:15]} 21. Reb1+ {[%clk 0:39:10]} Ka8
{[%clk 0:35:36]} 22. Qd1 {[%clk 0:34:10]} Nge7 {[%clk 0:33:56]} 23. Rb5
{[%clk 0:33:15]} Qd6 {[%clk 0:33:55]} 24. Qa4 {[%clk 0:27:36]} Rhg8
{[%clk 0:23:12]} 25. Rab1 {[%clk 0:24:38]} Rg6 {[%clk 0:13:00]} 26. Ba5
{[%clk 0:21:19]} Nxa5 {[%clk 0:12:20]} 27. Rb8+ {[%clk 0:21:03]} Qxb8
{[%clk 0:12:45]} 28. Rxb8+ {[%clk 0:21:29]} Kxb8 {[%clk 0:13:08]} 29. Qxa5
{[%clk 0:21:56]} Nc6 {[%clk 0:12:06]} 30. Qxc5 {[%clk 0:18:44]} Kc7
{[%clk 0:12:12]} 31. Qb5 {[%clk 0:17:14]} Bd7 {[%clk 0:11:38]} 32. Nh4
{[%clk 0:14:23]} Rb8 {[%clk 0:10:55]} 33. Qa4 {[%clk 0:14:46]} Bxh4
{[%clk 0:09:21]} 34. gxh4 {[%clk 0:15:11]} Rb1 {[%clk 0:08:06]} 35. Qc2
{[%clk 0:12:57]} Ra1 {[%clk 0:08:28]} 36. Qb2 {[%clk 0:13:22]} Rd1
{[%clk 0:07:51]} 37. Qe2 {[%clk 0:11:00]} Rc1 {[%clk 0:05:37]} 38. Qf3
{[%clk 0:06:02]} f6 {[%clk 0:04:04]} 39. Qxh5 {[%clk 0:03:47]} Ne7
{[%clk 0:04:23]} 40. Qe2 {[%clk 0:02:08]} Bg4 {[%clk 0:02:26]} 41. Qd2
{[%clk 0:29:54]} Bf3 {[%clk 0:32:31]} 0-1

[Event "Open Praha 2018 - A"]
[Site "Praha (CZE)"]
[Date "2018.01.17"]
[Round "7"]
[White "Kulkarni, Bhakti"]
[Black "Tarun, V Kanth"]
[Result "1/2-1/2"]
[WhiteElo "2306"]
[BlackElo "2077"]
[PlyCount "151"]
[EventDate "2018.01.12"]

1. e4 e6 2. Nf3 d5 3. e5 c5 4. b4 cxb4 5. d4 Nc6 6. a3 bxa3 7. c3 Nh6 8. Bxh6
gxh6 9. Bd3 f5 10. Nxa3 Bxa3 11. Rxa3 Qe7 12. Rb3 O-O 13. O-O a6 14. Qd2 b5 15.
Ra1 Bd7 16. Qxh6 Qg7 17. Qd2 Kh8 18. Bf1 Ra7 19. Ne1 Bc8 20. Nd3 Qc7 21. Qa2
Rg8 22. f4 Rg4 23. Be2 Rg8 24. Qa3 Qe7 25. Qb2 Qh4 26. Bf3 Rag7 27. Qf2 Qh6 28.
g3 Qh4 29. Kf1 Qd8 30. Rba3 Qb6 31. Nc5 Nb8 32. Qb2 Qd8 33. Bh5 Qc7 34. Ke1 Qd8
35. Kd2 Qc7 36. R3a2 Qd8 37. Qa3 Qb6 38. Nd3 Rd8 39. Rg1 Nc6 40. Qc5 Qb7 41. h3
Rc7 42. Qa3 Qb6 43. Rb1 Rg8 44. g4 a5 45. Qc5 Nxe5 46. Qxb6 Nc4+ 47. Ke2 Nxb6
48. Rxb5 Nc4 49. Nc5 fxg4 50. hxg4 Rf8 51. Kf3 e5 52. f5 Rg7 53. Rb8 Rgg8 54.
dxe5 Nxe5+ 55. Kf4 Ng6+ 56. Bxg6 hxg6 57. Rxa5 gxf5 58. g5 Re8 59. Raa8 Rgf8
60. Nb7 Re4+ 61. Kf3 Rc4 62. Nd6 Rxc3+ 63. Kf4 Rc1 64. Rxc8 Rf1+ 65. Ke5 Re1+
66. Kxd5 Rxc8 67. Rxc8+ Kh7 68. Rc6 Rg1 69. Nf7 Kg7 70. Rc7 Rd1+ 71. Ke5 Kg6
72. Nd6 Re1+ 73. Kf4 Rf1+ 74. Ke5 Re1+ 75. Kf4 Rf1+ 76. Ke5 1/2-1/2